[Event "Bogota IRT op Navideno"]
[Site "Bogota"]
[Date "2009.12.04"]
[Round "8"]
[White "Vargas, Edwin Antonio"]
[Black "Ramirez, Ruben Dario"]
[Result "1-0"]
[WhiteElo "1761"]
[BlackElo "1600"]
[PlyCount "57"]
[EventDate "2009.12.04"]
[EventType "swiss"]
[EventRounds "9"]
[EventCountry "COL"]
[SourceTitle "EXT 2024"]
[Source "ChessBase"]
[SourceDate "2023.10.10"]
[SourceVersion "1"]
[SourceVersionDate "2023.10.10"]
[SourceQuality "1"]

1. e4 e5 2. Nf3 d6 3. d4 exd4 4. Nxd4 Nf6 5. Nc3 Be7 6. Bc4 a6 7. a4 Bd7 8. 0-0 Nc6 9. h3 0-0 10. f4 Nxd4 11. Qxd4 Bc6 12. Bd2 b6 13. Kh1 Nh5 14. Rf3 Kh8 15. g4 Nf6 16. g5 Nh5 17. Nd5 f5 18. Bd3 Bd7 19. Re1 fxe4 20. Qxe4 Bf5 21. Qxe7 Bxd3 22. cxd3 Qc8 23. Kh2 Qb7 24. Qe4 Qc6 25. Bc3 Rae8 26. Ne7 Qd7 27. f5 d5 28. Qe5 Qxa4 29. f6 1-0